Europa in eine bessere Verfassung bringen

Enregistré dans:  
Détails bibliographiques
Auteur principal: Teufel, Erwin 1939- (Auteur)
Type de support: Imprimé Article
Langue:Allemand
Vérifier la disponibilité: HBZ Gateway
Interlibrary Loan:Interlibrary Loan for the Fachinformationsdienste (Specialized Information Services in Germany)
Publié: 2011
Dans: Internationale katholische Zeitschrift Communio
Année: 2011, Volume: 40, Numéro: 4, Pages: 333-337
Sujets / Chaînes de mots-clés standardisés:B Europe / Deutschland (bateau, 1866-1875) / Crise financière / Éthique politique / Éthique économique
Classifications IxTheo:NCD Éthique et politique
NCE Éthique des affaires
Sujets non-standardisés:B Europäische Einigung
B European Unification
Édition parallèle:Électronique

MARC

LEADER 00000caa a22000002c 4500
001 67265461X
003 DE-627
005 20241119182254.0
007 tu
008 160405s2011 gw ||||| 00| ||ger c
035 |a (DE-627)67265461X 
035 |a (DE-576)467330409 
035 |a (DE-599)GBV67265461X 
040 |a DE-627  |b ger  |c DE-627  |e rakwb 
041 |a ger 
044 |c XA-DE 
084 |a 1  |2 ssgn 
100 1 |0 (DE-588)119075326  |0 (DE-627)079866808  |0 (DE-576)163287651  |4 aut  |a Teufel, Erwin  |d 1939- 
109 |a Teufel, Erwin 1939-  |a Tojfel, Ervin 1939- 
245 1 0 |a Europa in eine bessere Verfassung bringen  |c Erwin Teufel 
264 1 |c 2011 
336 |a Text  |b txt  |2 rdacontent 
337 |a ohne Hilfsmittel zu benutzen  |b n  |2 rdamedia 
338 |a Band  |b nc  |2 rdacarrier 
500 |a Aufsatz 
601 |a Verfassung 
650 4 |a Europäische Einigung 
650 4 |a European Unification 
652 |a NCD:NCE 
689 0 0 |d g  |0 (DE-588)4015701-5  |0 (DE-627)104289007  |0 (DE-576)208913092  |2 gnd  |a Europa 
689 0 1 |d g  |0 (DE-588)4011882-4  |0 (DE-627)104704861  |0 (DE-576)208896155  |2 gnd  |a Deutschland 
689 0 2 |d s  |0 (DE-588)7635855-0  |0 (DE-627)587272910  |0 (DE-576)288548957  |2 gnd  |a Finanzkrise 
689 0 3 |d s  |0 (DE-588)4129503-1  |0 (DE-627)104658339  |0 (DE-576)209611030  |2 gnd  |a Politische Ethik 
689 0 4 |d s  |0 (DE-588)4066439-9  |0 (DE-627)104137525  |0 (DE-576)209164603  |2 gnd  |a Wirtschaftsethik 
689 0 |5 (DE-627) 
773 0 8 |i In  |t Internationale katholische Zeitschrift Communio  |d Freiburg : Herder, 1972  |g 40(2011), 4, Seite 333-337  |w (DE-627)129293075  |w (DE-600)120750-7  |w (DE-576)014474220  |x 1439-6165  |7 nnas 
773 1 8 |g volume:40  |g year:2011  |g number:4  |g pages:333-337 
776 0 8 |i Reproduziert als  |a Teufel, Erwin, 1939 -   |t Europa in eine bessere Verfassung bringen  |d 2011  |w (DE-627)1901976335  |k Electronic 
889 |w (DE-627)1865468886 
935 |a mteo  |a DTH5 
935 |i mdedup 
935 |i Blocktest 
951 |a AR 
ELC |b 1 
ITA |a 1  |t 1 
LOK |0 000 xxxxxcx a22 zn 4500 
LOK |0 001 3319342894 
LOK |0 003 DE-627 
LOK |0 004 67265461X 
LOK |0 005 20160405155807 
LOK |0 008 160404||||||||||||||||ger||||||| 
LOK |0 040   |a DE-Tue135  |c DE-627  |d DE-Tue135 
LOK |0 092   |o n 
LOK |0 852   |a DE-Tue135 
LOK |0 852 1  |9 00 
LOK |0 935   |a ixzs  |a ixmi 
LOK |0 936ln  |0 1442052953  |a NCE 
LOK |0 936ln  |0 1442052856  |a NCD 
LOK |0 939   |a 04-04-16  |b l01 
ORI |a SA-MARC-ixtheoa001.raw 
STA 0 0 |a Deutschland (boat, 1866-1875),Germany,Germany,Germany,Germany,German Federal Republic (motif),Germany,Germany,Germany,Germany,Germany,Germany,Federal Republic of Germany,Germany,German Democratic Republic,Germany,Germany,Germany,Soviet Occupation Zone,French Occupation Zone,Economic ethics,Economic ethics,Europe,Europe,Europe,The West,Occident,Northeastern Europe,Financial crisis,Finances,Political ethics,Ethics,Politics,State ethics 
STB 0 0 |a Crise financière,Crise financière,Deutschland (bateau, 1866-1875),Allemagne,Allemagne,République fédérale d'Allemagne (motif),Europe,Éthique politique,Éthique économique,Éthique économique 
STC 0 0 |a Alemania,Alemania,Crisis financiero,Crisis financiero,Europa,Ética económica,Ética económica,Ética política 
STD 0 0 |a Crisi finanziaria,Crisi finanziaria,Etica economica,Etica economica,Etica politica,Europa,Germania,Germania 
STE 0 0 |a 德国,德国,政治伦理学,经济伦理,经济伦理,金融 
STF 0 0 |a 德國,德國,政治倫理學,經濟倫理,經濟倫理,金融 
STG 0 0 |a Alemanha,Alemanha,Crise financeira,Crise financeira,Europa,Ética econômica,Ética econômica,Ética política 
STH 0 0 |a Германия (ГДР, мотив),Германия (мотив),Европа (мотив),Политическая этика,Финансовый кризис (мотив),Финансовый кризис,Экономическая этика (мотив),Экономическая этика 
STI 0 0 |a Γερμανία (ΛΔΓ, μοτίβο),Γερμανία (μοτίβο),Ευρώπη (μοτίβο),Οικονομική ηθική (μοτίβο),Οικονομική ηθική,Οικονομική κρίση (μοτίβο),Οικονομική κρίση,Πολιτική ηθική 
SYG 0 0 |a Liberté,Europa III,Europe,Europäische Länder,Europäische Staaten , Abendland,Okzident , DDR,Deutsche Demokratische Republik,Germany,Amerikanische Zone Deutschlands,BRD,Britische Zone Deutschlands,Bundesrepublik Deutschland,Französische Zone Deutschlands,Vereinigtes Wirtschaftsgebiet Deutschlands,BRD,Bundesrepublik Deutschland , Vereinigtes Wirtschaftsgebiet,Bizone,Verwaltung des Vereinigten Wirtschaftsgebietes,Französische Zone,Zone Française d'Occupation,Französische Besatzungszone,ZFO,Britische Zone,British occupation zone,Britische Besatzungszone,British Zone of Control,Britisches Kontrollgebiet,British Element,Britisches Element,Sowjetische Zone,Russische Zone,Sowjetische Besatzungszone,Russische Besatzungszone,Sowjetische Besatzungszone Deutschlands,Sowjetische Besatzungszone in Deutschland,Sowjetisch Besetzte Zone,Sowjetzone,Ostzone,SBZ,Länder,Westliche Bundesländer,Alte Bundesländer,Deutschland,Westdeutschland,Deutschland,Westzonen,Westliche Besatzungszonen,Trizone,Amerikanische Zone,American occupation zone,Amerikanische Besatzungszone,ABZ,United States Area of Control,Amerikanisches Kontrollgebiet,U.S. zone of occupation,United States Zone,U.S. Zone,US-Zone,Östliche Bundesländer,Neue Bundesländer,Länder,Deutschland,Ostdeutschland,Deutschland,Deutschland,Deutsche Demokratische Republik,DDR,Deutschland,German Democratic Republic,GDR,République Démocratique Allemande,RDA,Germanskaja Demokratičeskaja Respublika,Demokratičeskaja Respublika,Democratic Republic,Demokratische Republik,Niemiecka Republika Demokratyczna,NRD,Ǧumhūrīyat Almāniyā ad-Dīmuqrāṭīya,República Democrática Alemana,Saksan Demokraattisen Tasavallan,Repubblica Democratica Tedesca,Mitteldeutschland,Ostdeutschland,East Germany,Ostzone,Alemanha,Alemania,Allemagne,Almanija,Almāniyā,Bondsrepubliek Duitsland,BRD,BRD,Bundesrepublik Deutschland,Deutschland,Deutschland,Federal Republic of Germany,Förbundsrepubliken Tyskland,Förbundsrepublikken Tyskland,FRG,Germany,Németországi Szövetségi Kőztársaság,Niemiecka Republika Federalna Niemiecka Republika Federalna,NRF,Repubblica Federale di Germania,Republic of Germany,República Federal da Alemanha,República Federal de Alemania,Republik Federasi Djerman,Republika Federalna Niemiec,République Fédérale d'Allemagne,RFN,Saksan Liittotasavalta,Westdeutschland,Deutsche Länder,Germany,Heiliges Römisches Reich,Rheinbund,Deutscher Bund,Norddeutscher Bund,Deutsches Reich,Deutschland,Deutschland,BRD,Federal Republic of Germany,Republic of Germany,Allemagne,Ǧumhūrīyat Almāniyā al-Ittiḥādīya,Bundesrepublik Deutschland,BRD,Niemcy,République Fédérale d'Allemagne,Repubblica Federale di Germania,Germanija,Federativnaja Respublika Germanija,FRG,Deyizhi-Lianbang-Gongheguo , Finanzmarktkrise,Finanzmarkt,Kreditmarktkrise,Kreditwesen , Ethik,Staatsethik,Politik,Politische Moral , Wirtschaft - Wirtschaftsethik,Economic ethics,Wirtschaftsmoral,Wirtschaft 
TIM |a 100019901003_100020261231  |b 1990-10-03 - 2026